El gobierno de la empresa: en busca de la transparencia y la confianza
Guardat en:
| Autor principal: | |
|---|---|
| Altres autors: | , |
| Format: | Llibre |
| Idioma: | espanyol |
| Publicat: |
Madrid, España
Pirámide
2004
|
| Col·lecció: | Colección Economía y Empresa
|
| Matèries: | |
| Etiquetes: |
Afegir etiqueta
Sense etiquetes, Sigues el primer a etiquetar aquest registre!
|
MARC
| LEADER | 00000nam a2200000 a 4500 | ||
|---|---|---|---|
| 001 | UCG5663 | ||
| 003 | CL-VaPUC | ||
| 005 | 20210812001353.0 | ||
| 008 | 110317e20040000SP |||||||||||||||||spa|d | ||
| 999 | |c 344066 |d 344064 | ||
| 020 | |a 8436819055 | ||
| 040 | |c Pontificia Universidad Católica de Valparaíso | ||
| 082 | 0 | 4 | |a 658.4012 BUE 2004 |2 21 |
| 100 | 0 | |a Bueno Campos, Eduardo |9 555400 | |
| 245 | 1 | 3 | |a El gobierno de la empresa: en busca de la transparencia y la confianza |
| 260 | 0 | 3 | |a Madrid, España |b Pirámide |c 2004 |
| 300 | |a 399 páginas | ||
| 490 | 0 | |a Colección Economía y Empresa | |
| 583 | |a last modification |c 20110317 00:00:00 |k Rodrigo Vera | ||
| 650 | 0 | |a Planificación estratégica |9 259735 | |
| 650 | 0 | |a Empresas |9 255569 | |
| 650 | 0 | |a Gestión administrativa |9 375217 | |
| 700 | 0 | |a Alonso Almeida, Mar |9 555401 | |
| 700 | 0 | |a Seoane Coftoya, Caridad |9 555402 | |
| 942 | |c BK |2 ddc | ||
| 945 | |d 20110317 00:00:00 |a dcastane | ||
| 952 | |0 0 |1 0 |2 ddc |4 0 |6 658_401200000000000_BUE_2004 |7 0 |8 A |9 441848 |a BIBGIM |b BIBGIM |d 2019-11-22 |i 4753720 |o 658.4012 BUE 2004 |p 4753720 |r 2025-01-15 |t 1 |w 2019-11-22 |y BK |k COM | ||